[Event "Gibraltar Masters 18th"]
[Site "Gibraltar"]
[Date "2020.01.28"]
[Round "8.56"]
[White "Kozak, Adam"]
[Black "De Haan, Eric"]
[Result "1-0"]
[WhiteElo "2523"]
[BlackElo "2308"]
[PlyCount "57"]
[EventDate "2020.01.21"]
[EventType "swiss"]
[EventRounds "10"]
[EventCountry "GGB"]
[SourceTitle "BritBase"]
[Source "John Saunders"]
[SourceDate "2021.06.05"]
[SourceVersion "1"]
[SourceVersionDate "2021.06.05"]
[SourceQuality "1"]
[TimeControl "40/100:0"]
[WhiteClock "0:01:22"]
[BlackClock "0:01:00"]

1. Nf3 {[%emt 0:00:00]} d5 {[%emt 0:00:00]} 2. g3 {[%emt 0:00:00]} Nf6 {
[%emt 0:00:00]} 3. Bg2 {[%emt 0:00:00]} e6 {[%emt 0:00:00]} 4. O-O {[%emt 0:00:
00]} Be7 {[%emt 0:00:00]} 5. c4 {[%emt 0:00:00]} O-O {[%emt 0:00:00]} 6. d4 {
[%emt 0:00:00]} c6 {[%emt 0:00:00]} 7. Qc2 {[%emt 0:00:00]} b6 {[%emt 0:00:00]}
8. Rd1 {[%emt 0:00:00]} Bb7 {[%emt 0:00:00]} 9. b3 {[%emt 0:00:00]} Nbd7 {
[%emt 0:00:00]} 10. Nc3 {[%emt 0:00:00]} Rc8 {[%emt 0:00:00]} 11. e4 {[%emt 0:
00:00]} c5 {[%emt 0:00:00]} 12. exd5 {[%emt 0:00:00]} exd5 {[%emt 0:00:00]} 13.
Nh4 {[%emt 0:00:00]} cxd4 {[%emt 0:00:00]} 14. Rxd4 {[%emt 0:00:00]} Bc5 {
[%emt 0:00:00]} 15. Rd1 {[%emt 0:00:00]} Ng4 {[%emt 0:00:00]} 16. Rf1 {[%emt 0:
00:00]} Qf6 {[%emt 0:00:00]} 17. Bb2 {[%emt 0:00:00]} Nde5 {[%emt 0:00:00]} 18.
Bxd5 {[%emt 0:00:00]} Bxd5 {[%emt 0:00:00]} 19. Nxd5 {[%emt 0:00:00]} Qh6 {
[%emt 0:00:00]} 20. Qf5 {[%emt 0:00:00]} Rce8 {[%emt 0:00:00]} 21. Bxe5 {
[%emt 0:00:00]} Nxe5 {[%emt 0:00:00]} 22. Rae1 {[%emt 0:00:00]} f6 {[%emt 0:00:
00]} 23. Ne3 {[%emt 0:00:00]} g6 {[%emt 0:00:00]} 24. Qe4 {[%emt 0:00:00]} Kh8
{[%emt 0:00:00]} 25. Nf3 {[%emt 0:00:00]} Nf7 {[%emt 0:00:00]} 26. Qd3 {
[%emt 0:00:00]} Qh3 {[%emt 0:00:12]} 27. Nd5 {[%emt 0:00:20]} Rd8 {[%emt 0:00:
27]} 28. Qc3 {[%emt 0:00:00]} Nh6 {[%emt 0:00:01]} 29. b4 {[%emt 0:00:00]} 1-0

[Event "Gibraltar Masters 18th"]
[Site "Gibraltar"]
[Date "2020.01.28"]
[Round "8.57"]
[White "Salimova, Nurgyul"]
[Black "Kosteniuk, Alexandra"]
[Result "1-0"]
[WhiteElo "2372"]
[BlackElo "2504"]
[PlyCount "123"]
[EventDate "2020.01.21"]
[EventType "swiss"]
[EventRounds "10"]
[EventCountry "GGB"]
[SourceTitle "BritBase"]
[Source "John Saunders"]
[SourceDate "2021.06.05"]
[SourceVersion "1"]
[SourceVersionDate "2021.06.05"]
[SourceQuality "1"]
[TimeControl "40/100:0"]

1. d4 {[%emt 1:48:51]} Nf6 {[%emt 0:00:05]} 2. c4 {[%emt 0:00:11]} e6 {[%emt 0:
00:04]} 3. Nf3 {[%emt 0:00:10]} b6 {[%emt 0:00:05]} 4. g3 {[%emt 0:01:27]} Bb7
{[%emt 0:00:06]} 5. Bg2 {[%emt 0:00:06]} Be7 {[%emt 0:00:05]} 6. O-O {[%emt 0:
00:21]} O-O {[%emt 0:00:04]} 7. Re1 {[%emt 0:01:52]} d5 {[%emt 0:00:19]} 8.
cxd5 {[%emt 0:01:21]} exd5 {[%emt 0:00:22]} 9. Nc3 {[%emt 0:01:15]} c5 {
[%emt 0:00:48]} 10. Bf4 {[%emt 0:08:25]} Na6 {[%emt 0:00:36]} 11. dxc5 {
[%emt 0:04:41]} bxc5 {[%emt 0:03:09]} 12. Qb3 {[%emt 0:02:34]} Qb6 {[%emt 0:06:
00]} 13. Nh4 {[%emt 0:05:19]} Rfd8 {[%emt 0:12:34]} 14. Nf5 {[%emt 0:02:06]}
Bf8 {[%emt 0:00:30]} 15. Qxb6 {[%emt 0:16:20]} axb6 {[%emt 0:00:17]} 16. Bg5 {
[%emt 0:00:20]} Rd7 {[%emt 0:09:02]} 17. Bxf6 {[%emt 0:02:49]} gxf6 {[%emt 0:
00:04]} 18. Na4 {[%emt 0:05:30]} Rb8 {[%emt 0:01:20]} 19. Nxb6 {[%emt 0:01:54]}
Rdd8 {[%emt 0:00:05]} 20. Red1 {[%emt 0:04:33]} d4 {[%emt 0:09:25]} 21. Bxb7 {
[%emt 0:03:16]} Rxb7 {[%emt 0:00:05]} 22. Nc4 {[%emt 0:00:07]} Nb4 {[%emt 0:00:
11]} 23. f4 {[%emt 0:09:23]} Ra8 {[%emt 0:10:34]} 24. a3 {[%emt 0:05:11]} Nd5 {
[%emt 0:00:09]} 25. Rac1 {[%emt 0:03:22]} Ra4 {[%emt 0:01:28]} 26. e3 {[%emt 0:
06:06]} Nxe3 {[%emt 0:03:37]} 27. Nfxe3 {[%emt 0:00:47]} dxe3 {[%emt 0:00:03]}
28. Rd3 {[%emt 0:00:30]} f5 {[%emt 0:03:28]} 29. Rxe3 {[%emt 0:00:21]} Be7 {
[%emt 0:00:11]} 30. Rc2 {[%emt 0:09:45]} Bf6 {[%emt 0:01:39]} 31. Ne5 {[%emt 0:
00:22]} Ra6 {[%emt 0:06:29]} 32. Kf1 {[%emt 0:02:49]} Rd6 {[%emt 0:03:12]} 33.
Ke1 {[%emt 0:01:47]} Kg7 {[%emt 0:00:35]} 34. Ree2 {[%emt 0:00:34]} Rb5 {
[%emt 0:02:12]} 35. Red2 {[%emt 0:04:14]} Re6 {[%emt 0:11:14]} 36. Rd5 {
[%emt 0:01:59]} Reb6 {[%emt 0:00:11]} 37. Rdd2 {[%emt 0:04:27]} Re6 {[%emt 0:
08:35]} 38. Re2 {[%emt 0:00:07]} Rd6 {[%emt 0:00:18]} 39. Rcd2 {[%emt 0:00:40]}
Bxe5 {[%emt 0:08:04]} 40. fxe5 {[%emt 0:00:09]} Rxd2 {[%emt 0:00:21]} 41. Rxd2
{[%emt 0:00:09]} c4 {[%emt 0:01:50]} 42. Re2 {[%emt 0:26:39]} Rb3 {[%emt 0:01:
04]} 43. Kd1 {[%emt 0:00:42]} h5 {[%emt 0:15:36]} 44. Kc1 {[%emt 0:02:41]} h4 {
[%emt 0:07:49]} 45. gxh4 {[%emt 0:00:26]} c3 {[%emt 0:06:15]} 46. bxc3 {
[%emt 0:00:12]} Rxc3+ {[%emt 0:03:11]} 47. Kb2 {[%emt 0:00:09]} Rh3 {[%emt 0:
03:31]} 48. a4 {[%emt 0:03:50]} Rxh4 {[%emt 0:05:30]} 49. Kb3 {[%emt 0:00:06]}
f4 {[%emt 0:00:39]} 50. a5 {[%emt 0:01:33]} Kg6 {[%emt 0:15:28]} 51. a6 {
[%emt 0:04:26]} Rh8 {[%emt 0:00:22]} 52. Kc4 {[%emt 0:01:29]} Kf5 {[%emt 0:05:
56]} 53. a7 {[%emt 0:02:01]} Ra8 {[%emt 0:00:14]} 54. Ra2 {[%emt 0:00:06]} Ke4
{[%emt 0:00:06]} 55. Kb5 {[%emt 0:03:33]} Kxe5 {[%emt 0:00:05]} 56. Kb6 {
[%emt 0:00:20]} f3 {[%emt 0:00:09]} 57. Kb7 {[%emt 0:01:05]} Re8 {[%emt 0:00:
04]} 58. a8=Q {[%emt 0:00:56]} Rxa8 {[%emt 0:00:02]} 59. Kxa8 {[%emt 0:01:14]}
Kf4 {[%emt 0:00:03]} 60. Kb7 {[%emt 0:01:50]} Ke3 {[%emt 0:00:16]} 61. h4 {
[%emt 0:01:49]} f2 {[%emt 0:00:09]} 62. Rxf2 {[%emt 0:00:29]} 1-0

[Event "Gibraltar Masters 18th"]
[Site "Gibraltar"]
[Date "2020.01.28"]
[Round "8.67"]
[White "Lujan, Carolina"]
[Black "Sardana, Rishi"]
[Result "0-1"]
[WhiteElo "2330"]
[BlackElo "2437"]
[PlyCount "204"]
[EventDate "2020.01.21"]
[EventType "swiss"]
[EventRounds "10"]
[EventCountry "GGB"]
[SourceTitle "BritBase"]
[Source "John Saunders"]
[SourceDate "2021.06.05"]
[SourceVersion "1"]
[SourceVersionDate "2021.06.05"]
[SourceQuality "1"]

1. e4 c6 2. Nf3 d5 3. Nc3 dxe4 4. Nxe4 Nf6 5. Qe2 Nxe4 6. Qxe4 Be6 7. b3 Nd7 8.
Bb2 Nf6 9. Qh4 Bf5 10. Nd4 Bg6 11. f4 e6 12. O-O-O Bc5 13. f5 exf5 14. Nxf5
Bxf5 15. Qg5 Bd4 16. Qxf5 Bxb2+ 17. Kxb2 O-O 18. Bd3 a5 19. Rhf1 a4 20. b4 a3+
21. Kb1 Ra4 22. Rf4 Qd6 23. c3 g6 24. Qxf6 Qxd3+ 25. Kc1 Qd5 26. Kb1 Qd3+ 27.
Kc1 c5 28. Re1 Ra6 29. Qe7 Rd6 30. Qe2 Qd5 31. c4 Qg5 32. Qe3 Re6 33. Re4 Rxe4
34. Qxg5 Rxe1+ 35. Kc2 cxb4 36. Qa5 Ra1 37. Qxb4 Rxa2+ 38. Kc3 Ra1 39. Qa5 b6
40. Qa7 Rc8 41. Qd7 Rc1+ 42. Kb3 R1xc4 43. Kxa3 Ra8+ 44. Kb3 Rcc8 45. d4 Rd8
46. Qb7 Rab8 47. Qc7 Rbc8 48. Qb7 b5 49. g4 Rc4 50. h4 Rcxd4 51. h5 Rd3+ 52.
Kb2 Rd2+ 53. Kb3 gxh5 54. gxh5 h6 55. Qb6 R8d6 56. Qg1+ Kf8 57. Qa1 R2d5 58.
Qh8+ Ke7 59. Qa8 Rxh5 60. Qb7+ Ke6 61. Qe4+ Re5 62. Qb7 Red5 63. Qc8+ Kf6 64.
Qh8+ Ke7 65. Qh7 h5 66. Qe4+ Kf8 67. Qh7 Rg6 68. Qh8+ Ke7 69. Qa8 Rdg5 70. Qa3+
Kf6 71. Qf8 Rf5 72. Kb4 Rg4+ 73. Ka5 b4+ 74. Kb6 h4 75. Kc7 Rc4+ 76. Kd6 Rd4+
77. Kc6 Rdd5 78. Qh6+ Ke7 79. Qxh4+ Ke6 80. Qh6+ f6 81. Qe3+ Kf7 82. Qb3 Rfe5
83. Qc4 f5 84. Qh4 Rc5+ 85. Kb6 b3 86. Qh7+ Ke6 87. Qg8+ Kf6 88. Qh8+ Kg5 89.
Qg7+ Kf4 90. Qh6+ Ke4 91. Qh1+ Kd3 92. Qd1+ Kc3 93. Qc1+ Kb4 94. Qb2 Rb5+ 95.
Kc6 Rec5+ 96. Kd6 Ka5 97. Qa3+ Kb6 98. Qb2 f4 99. Kd7 Rd5+ 100. Ke7 f3 101.
Qf6+ Kb7 102. Qb2 f2 0-1

[Event "Gibraltar Masters 18th"]
[Site "Gibraltar"]
[Date "2020.01.28"]
[Round "8.72"]
[White "Gomez Anadon, Daniel"]
[Black "Bellahcene, Bilel"]
[Result "1/2-1/2"]
[WhiteElo "2276"]
[BlackElo "2536"]
[PlyCount "78"]
[EventDate "2020.01.21"]
[EventType "swiss"]
[EventRounds "10"]
[EventCountry "GGB"]
[SourceTitle "BritBase"]
[Source "John Saunders"]
[SourceDate "2021.06.05"]
[SourceVersion "1"]
[SourceVersionDate "2021.06.05"]
[SourceQuality "1"]

1. e4 c5 2. Nf3 d6 3. Bb5+ Nd7 4. Ba4 Ngf6 5. O-O a6 6. c4 e5 7. Nc3 g6 8. d3
Bg7 9. Bg5 h6 10. Bxf6 Bxf6 11. Rb1 O-O 12. Bxd7 Bxd7 13. b4 cxb4 14. Rxb4 Bc6
15. Nd5 Bg7 16. Rb2 Rb8 17. Nb6 f5 18. Nd2 f4 19. Qe2 g5 20. Rfb1 Rf7 21. a4
Bf8 22. a5 Rg7 23. h3 g4 24. hxg4 h5 25. gxh5 Qh4 26. Nd5 Kh8 27. Nf1 Rg5 28.
g3 Bh6 29. Ne7 Qh3 30. f3 Bd7 31. Rxb7 Rxb7 32. Rxb7 fxg3 33. Qg2 Qxg2+ 34.
Kxg2 Bh3+ 35. Kg1 g2 36. Ne3 Rg7 37. Rb8+ Kh7 38. N7f5 Bxe3+ 39. Nxe3 Rg3
1/2-1/2

[Event "Gibraltar Masters 18th"]
[Site "Gibraltar"]
[Date "2020.01.28"]
[Round "8.107"]
[White "Gagare, Shalmali"]
[Black "Piasetski, Leon"]
[Result "0-1"]
[WhiteElo "2099"]
[BlackElo "2219"]
[PlyCount "82"]
[EventDate "2020.01.21"]
[EventType "swiss"]
[EventRounds "10"]
[EventCountry "GGB"]
[SourceTitle "BritBase"]
[Source "John Saunders"]
[SourceDate "2021.06.05"]
[SourceVersion "1"]
[SourceVersionDate "2021.06.05"]
[SourceQuality "1"]

1. e4 c5 2. Nf3 e6 3. g3 Nc6 4. Bg2 Nge7 5. O-O Ng6 6. d4 cxd4 7. Nxd4 Be7 8.
Nc3 O-O 9. Nb3 d6 10. Be3 Bd7 11. f4 a6 12. Na4 b5 13. Nb6 Rb8 14. Nxd7 Qxd7
15. e5 d5 16. Nd4 Nxd4 17. Bxd4 Qc7 18. c3 Bc5 19. Rc1 Ne7 20. g4 Rfc8 21. Qd2
Bb6 22. Bxb6 Rxb6 23. Rce1 Qc5+ 24. Kh1 b4 25. Re3 bxc3 26. bxc3 Rcb8 27. Rh3
h6 28. f5 Rb1 29. Rhf3 Qc4 30. f6 Ng6 31. fxg7 Rxf1+ 32. Rxf1 Qxg4 33. Qxh6 Rb2
34. Rg1 Qf4 35. Qh5 Kxg7 36. Bf1 Kf8 37. Bg2 Qh4 38. Qf3 Nxe5 39. Qe3 Ng4 40.
Qc5+ Kg8 41. h3 Qxh3+ 0-1

[Event "Gibraltar Masters 18th"]
[Site "Gibraltar"]
[Date "2020.01.29"]
[Round "9.1"]
[White "Wang, Hao"]
[Black "Paravyan, David"]
[Result "1/2-1/2"]
[WhiteElo "2758"]
[BlackElo "2629"]
[PlyCount "76"]
[EventDate "2020.01.21"]
[EventType "swiss"]
[EventRounds "10"]
[EventCountry "GGB"]
[SourceTitle "BritBase"]
[Source "John Saunders"]
[SourceDate "2021.06.05"]
[SourceVersion "1"]
[SourceVersionDate "2021.06.05"]
[SourceQuality "1"]
[TimeControl "40/100:0"]
[WhiteClock "0:02:10"]
[BlackClock "0:01:25"]

1. e4 {[%emt 0:00:00]} c5 {[%emt 0:00:00]} 2. Nf3 {[%emt 0:00:00]} Nc6 {
[%emt 0:00:00]} 3. Bb5 {[%emt 0:00:00]} g6 {[%emt 0:00:00]} 4. O-O {[%emt 0:00:
00]} Bg7 {[%emt 0:00:00]} 5. c3 {[%emt 0:00:00]} Nf6 {[%emt 0:00:00]} 6. Re1 {
[%emt 0:00:00]} O-O {[%emt 0:00:00]} 7. d4 {[%emt 0:00:00]} d5 {[%emt 0:00:00]}
8. e5 {[%emt 0:00:00]} Ne4 {[%emt 0:00:00]} 9. Bxc6 {[%emt 0:00:00]} bxc6 {
[%emt 0:00:00]} 10. Be3 {[%emt 0:00:00]} cxd4 {[%emt 0:00:00]} 11. cxd4 {
[%emt 0:00:00]} f6 {[%emt 0:00:00]} 12. Qc2 {[%emt 0:00:00]} fxe5 {[%emt 0:00:
00]} 13. Nxe5 {[%emt 0:00:00]} c5 {[%emt 0:00:00]} 14. Nc3 {[%emt 0:00:00]}
cxd4 {[%emt 0:00:00]} 15. Bxd4 {[%emt 0:00:00]} Bxe5 {[%emt 0:00:00]} 16. Bxe5
{[%emt 0:00:00]} Nxf2 {[%emt 0:00:00]} 17. h3 {[%emt 0:00:00]} Ba6 {[%emt 0:00:
00]} 18. Bd4 {[%emt 0:00:00]} Nd3 {[%emt 0:00:00]} 19. Re6 {[%emt 0:00:00]} Bc8
{[%emt 0:00:00]} 20. Re3 {[%emt 0:00:00]} Nb4 {[%emt 0:00:00]} 21. Qa4 {
[%emt 0:00:00]} Qd6 {[%emt 0:00:00]} 22. Nb5 {[%emt 0:00:00]} Bd7 {[%emt 0:00:
00]} 23. Nxd6 {[%emt 0:00:00]} Bxa4 {[%emt 0:00:00]} 24. Rxe7 {[%emt 0:00:00]}
Nc6 {[%emt 0:00:00]} 25. Rg7+ {[%emt 0:00:00]} Kh8 {[%emt 0:00:00]} 26. Nf7+ {
[%emt 0:00:00]} Rxf7 {[%emt 0:00:00]} 27. Rxf7+ {[%emt 0:00:00]} Nxd4 {[%emt 0:
00:00]} 28. Re1 {[%emt 0:00:00]} Nf5 {[%emt 0:00:00]} 29. b3 {[%emt 0:00:00]}
Kg8 {[%emt 0:00:00]} 30. Rc7 {[%emt 0:00:00]} Be8 {[%emt 0:00:40]} 31. g4 {
[%emt 0:00:00]} Nd6 {[%emt 0:00:00]} 32. Ree7 {[%emt 0:00:00]} a6 {[%emt 0:00:
25]} 33. Ra7 {[%emt 0:00:00]} Rd8 {[%emt 0:00:00]} 34. Rxa6 {[%emt 0:00:00]}
Bf7 {[%emt 0:00:03]} 35. Raa7 {[%emt 0:00:00]} Kf8 {[%emt 0:00:00]} 36. a4 {
[%emt 0:00:00]} d4 {[%emt 0:00:00]} 37. Red7 {[%emt 0:00:00]} Ke8 {[%emt 0:00:
00]} 38. Re7+ {[%emt 0:00:00]} Kf8 {[%emt 0:00:00]} 1/2-1/2

[Event "Gibraltar Masters 18th"]
[Site "Gibraltar"]
[Date "2020.01.29"]
[Round "9.2"]
[White "Maghsoodloo, Parham"]
[Black "Esipenko, Andrey"]
[Result "1/2-1/2"]
[WhiteElo "2674"]
[BlackElo "2654"]
[PlyCount "123"]
[EventDate "2020.01.21"]
[EventType "swiss"]
[EventRounds "10"]
[EventCountry "GGB"]
[SourceTitle "BritBase"]
[Source "John Saunders"]
[SourceDate "2021.06.05"]
[SourceVersion "1"]
[SourceVersionDate "2021.06.05"]
[SourceQuality "1"]
[TimeControl "40/100:0"]
[WhiteClock "0:25:49"]
[BlackClock "0:02:28"]

1. e4 {[%emt 0:00:00]} e5 {[%emt 0:00:00]} 2. Nf3 {[%emt 0:00:00]} Nc6 {
[%emt 0:00:00]} 3. Bc4 {[%emt 0:00:00]} Bc5 {[%emt 0:00:00]} 4. c3 {[%emt 0:00:
00]} Nf6 {[%emt 0:00:00]} 5. d3 {[%emt 0:00:00]} O-O {[%emt 0:00:00]} 6. O-O {
[%emt 0:00:00]} d5 {[%emt 0:00:00]} 7. exd5 {[%emt 0:00:00]} Nxd5 {[%emt 0:00:
00]} 8. Nbd2 {[%emt 0:00:00]} Nb6 {[%emt 0:00:00]} 9. Bb3 {[%emt 0:00:00]} Qxd3
{[%emt 0:00:00]} 10. Bc2 {[%emt 0:00:00]} Qd8 {[%emt 0:00:00]} 11. Qe2 {
[%emt 0:00:00]} Bd6 {[%emt 0:00:00]} 12. b4 {[%emt 0:00:00]} Qe7 {[%emt 0:00:
00]} 13. Re1 {[%emt 0:00:00]} f6 {[%emt 0:00:00]} 14. a4 {[%emt 0:00:00]} a5 {
[%emt 0:00:00]} 15. b5 {[%emt 0:00:00]} Nd8 {[%emt 0:00:00]} 16. Nd4 {[%emt 0:
00:00]} g6 {[%emt 0:00:00]} 17. f4 {[%emt 0:00:00]} Ne6 {[%emt 0:00:00]} 18.
fxe5 {[%emt 0:00:00]} Nf4 {[%emt 0:00:00]} 19. exd6 {[%emt 0:00:00]} Nxe2+ {
[%emt 0:00:00]} 20. Rxe2 {[%emt 0:00:00]} Qd8 {[%emt 0:00:00]} 21. Bb3+ {
[%emt 0:00:00]} Kh8 {[%emt 0:00:00]} 22. Ba3 {[%emt 0:00:00]} cxd6 {[%emt 0:00:
00]} 23. Rae1 {[%emt 0:00:00]} Bg4 {[%emt 0:00:00]} 24. Re3 {[%emt 0:00:00]} d5
{[%emt 0:00:00]} 25. h3 {[%emt 0:00:00]} Bd7 {[%emt 0:00:00]} 26. Ne6 {[%emt 0:
00:00]} Bxe6 {[%emt 0:00:00]} 27. Rxe6 {[%emt 0:00:00]} Qc7 {[%emt 0:00:00]}
28. R1e3 {[%emt 0:00:00]} Rf7 {[%emt 0:00:00]} 29. Bd6 {[%emt 0:00:00]} Qc8 {
[%emt 0:00:00]} 30. Ba3 {[%emt 0:00:00]} Nc4 {[%emt 0:00:00]} 31. Bxc4 {
[%emt 0:00:00]} dxc4 {[%emt 0:00:00]} 32. Nf3 {[%emt 0:00:00]} Qd7 {[%emt 0:00:
00]} 33. Nd4 {[%emt 0:00:00]} Qd5 {[%emt 0:00:00]} 34. Be7 {[%emt 0:00:00]} Qg5
{[%emt 0:00:00]} 35. Ba3 {[%emt 0:00:39]} h5 {[%emt 0:00:00]} 36. Be7 {[%emt 0:
00:28]} Kh7 {[%emt 0:00:00]} 37. Nf3 {[%emt 0:00:00]} Qf5 {[%emt 0:00:00]} 38.
Nd4 {[%emt 0:00:00]} Qb1+ {[%emt 0:00:00]} 39. Kh2 {[%emt 0:00:00]} Re8 {
[%emt 0:00:02]} 40. Bxf6 {[%emt 0:00:00]} Rxe6 {[%emt 0:00:00]} 41. Rxe6 {
[%emt 0:00:39]} Rxf6 {[%emt 0:00:00]} 42. Rxf6 {[%emt 0:00:00]} Kg7 {[%emt 0:
00:00]} 43. Re6 {[%emt 0:00:00]} Qc1 {[%emt 0:00:00]} 44. Re7+ {[%emt 0:00:00]}
Kf6 {[%emt 0:00:00]} 45. Rxb7 {[%emt 0:00:00]} Qxc3 {[%emt 0:00:00]} 46. Rb6+ {
[%emt 0:00:00]} Kg7 {[%emt 0:00:00]} 47. Ne6+ {[%emt 0:00:00]} Kh6 {[%emt 0:00:
00]} 48. Rc6 {[%emt 0:00:00]} Qe5+ {[%emt 0:00:00]} 49. Kh1 {[%emt 0:00:00]}
Qa1+ {[%emt 0:00:00]} 50. Kh2 {[%emt 0:00:00]} Qxa4 {[%emt 0:00:00]} 51. Rc8 {
[%emt 0:00:00]} g5 {[%emt 0:00:40]} 52. b6 {[%emt 0:00:00]} Qb4 {[%emt 0:00:32]
} 53. Nd8 {[%emt 0:00:00]} c3 {[%emt 0:01:18]} 54. b7 {[%emt 0:00:00]} c2 {
[%emt 0:00:10]} 55. Rxc2 {[%emt 0:00:00]} Qd6+ {[%emt 0:00:00]} 56. Kh1 {
[%emt 0:00:00]} Qd1+ {[%emt 0:00:00]} 57. Kh2 {[%emt 0:00:00]} Qxd8 {[%emt 0:
00:00]} 58. Rc8 {[%emt 0:00:00]} Qd6+ {[%emt 0:00:00]} 59. Kh1 {[%emt 0:00:00]}
Qd1+ {[%emt 0:00:00]} 60. Kh2 {[%emt 0:00:00]} Qd6+ {[%emt 0:00:00]} 61. Kh1 {
[%emt 0:00:00]} Qd1+ {[%emt 0:00:00]} 62. Kh2 {[%emt 0:00:03]} 1/2-1/2

[Event "Gibraltar Masters 18th"]
[Site "Gibraltar"]
[Date "2020.01.29"]
[Round "9.3"]
[White "Yilmaz, Mustafa"]
[Black "Cheparinov, Ivan"]
[Result "1-0"]
[WhiteElo "2607"]
[BlackElo "2686"]
[PlyCount "87"]
[EventDate "2020.01.21"]
[EventType "swiss"]
[EventRounds "10"]
[EventCountry "GGB"]
[SourceTitle "BritBase"]
[Source "John Saunders"]
[SourceDate "2021.06.05"]
[SourceVersion "1"]
[SourceVersionDate "2021.06.05"]
[SourceQuality "1"]
[TimeControl "40/100:0"]
[WhiteClock "0:58:41"]
[BlackClock "0:47:08"]

1. Nf3 {[%emt 0:00:00]} c5 {[%emt 0:00:00]} 2. c4 {[%emt 0:00:00]} Nc6 {
[%emt 0:00:00]} 3. Nc3 {[%emt 0:00:00]} Nf6 {[%emt 0:00:00]} 4. g3 {[%emt 0:00:
00]} g6 {[%emt 0:00:00]} 5. Bg2 {[%emt 0:00:00]} d6 {[%emt 0:00:00]} 6. d4 {
[%emt 0:00:00]} cxd4 {[%emt 0:00:00]} 7. Nxd4 {[%emt 0:00:00]} Bd7 {[%emt 0:00:
00]} 8. b3 {[%emt 0:00:00]} Bg7 {[%emt 0:00:00]} 9. Bb2 {[%emt 0:00:00]} h5 {
[%emt 0:00:00]} 10. O-O {[%emt 0:00:00]} h4 {[%emt 0:00:00]} 11. Nd5 {[%emt 0:
00:00]} Ne5 {[%emt 0:00:00]} 12. Nxf6+ {[%emt 0:00:00]} Bxf6 {[%emt 0:00:00]}
13. Bxb7 {[%emt 0:00:00]} Rb8 {[%emt 0:00:00]} 14. Bd5 {[%emt 0:00:00]} e6 {
[%emt 0:00:00]} 15. Bg2 {[%emt 0:00:00]} Nxc4 {[%emt 0:00:00]} 16. Nc6 {
[%emt 0:00:00]} Nxb2 {[%emt 0:00:00]} 17. Qxd6 {[%emt 0:00:00]} Rb6 {[%emt 0:
00:00]} 18. Rac1 {[%emt 0:00:00]} Rh5 {[%emt 0:00:00]} 19. Rc2 {[%emt 0:00:00]}
h3 {[%emt 0:00:00]} 20. Bf3 {[%emt 0:00:00]} Rd5 {[%emt 0:00:00]} 21. Qxd5 {
[%emt 0:00:00]} Rxc6 {[%emt 0:00:00]} 22. Qd2 {[%emt 0:00:00]} Rxc2 {[%emt 0:
00:00]} 23. Qxc2 {[%emt 0:00:00]} Qa5 {[%emt 0:00:00]} 24. a4 {[%emt 0:00:00]}
Qb4 {[%emt 0:00:00]} 25. Rc1 {[%emt 0:00:00]} Bd4 {[%emt 0:00:00]} 26. e3 {
[%emt 0:00:00]} Be5 {[%emt 0:00:00]} 27. Bc6 {[%emt 0:00:00]} Bxc6 {[%emt 0:00:
00]} 28. Qxc6+ {[%emt 0:00:00]} Ke7 {[%emt 0:00:00]} 29. Qc5+ {[%emt 0:00:00]}
Qxc5 {[%emt 0:00:00]} 30. Rxc5 {[%emt 0:00:00]} Nd3 {[%emt 0:00:08]} 31. Ra5 {
[%emt 0:00:00]} Bb8 {[%emt 0:00:00]} 32. Rb5 {[%emt 0:00:00]} Bc7 {[%emt 0:00:
00]} 33. Rb7 {[%emt 0:00:00]} Kd7 {[%emt 0:00:00]} 34. Rxa7 {[%emt 0:00:00]}
Nb4 {[%emt 0:00:00]} 35. Ra8 {[%emt 0:00:00]} Nc6 {[%emt 0:00:53]} 36. Rf8 {
[%emt 0:00:00]} Ke7 {[%emt 0:00:00]} 37. Rc8 {[%emt 0:00:00]} Kd7 {[%emt 0:00:
02]} 38. Rf8 {[%emt 0:00:00]} Ke7 {[%emt 0:00:00]} 39. Rh8 {[%emt 0:00:00]} Bd6
{[%emt 0:00:00]} 40. Rxh3 {[%emt 0:00:00]} Na5 {[%emt 0:00:00]} 41. Rh8 {
[%emt 0:00:00]} Nxb3 {[%emt 0:00:00]} 42. h4 {[%emt 0:00:00]} Be5 {[%emt 0:00:
00]} 43. Ra8 {[%emt 0:00:00]} Bc3 {[%emt 0:00:00]} 44. Rc8 {[%emt 0:00:00]} 1-0

[Event "Gibraltar Masters 18th"]
[Site "Gibraltar"]
[Date "2020.01.29"]
[Round "9.4"]
[White "Praggnanandhaa, Rameshbabu"]
[Black "Kobalia, Mikhail"]
[Result "1/2-1/2"]
[WhiteElo "2602"]
[BlackElo "2609"]
[PlyCount "66"]
[EventDate "2020.01.21"]
[EventType "swiss"]
[EventRounds "10"]
[EventCountry "GGB"]
[SourceTitle "BritBase"]
[Source "John Saunders"]
[SourceDate "2021.06.05"]
[SourceVersion "1"]
[SourceVersionDate "2021.06.05"]
[SourceQuality "1"]
[TimeControl "40/100:0"]
[WhiteClock "0:09:00"]
[BlackClock "0:07:45"]

1. Nf3 {[%emt 0:00:00]} d5 {[%emt 0:00:00]} 2. g3 {[%emt 0:00:00]} Bg4 {
[%emt 0:00:00]} 3. Bg2 {[%emt 0:00:00]} c6 {[%emt 0:00:00]} 4. O-O {[%emt 0:00:
00]} Nd7 {[%emt 0:00:00]} 5. h3 {[%emt 0:00:00]} Bh5 {[%emt 0:00:00]} 6. d3 {
[%emt 0:00:00]} Ngf6 {[%emt 0:00:00]} 7. Qe1 {[%emt 0:00:00]} e5 {[%emt 0:00:
00]} 8. e4 {[%emt 0:00:00]} Be7 {[%emt 0:00:00]} 9. exd5 {[%emt 0:00:00]} Bxf3
{[%emt 0:00:00]} 10. Bxf3 {[%emt 0:00:00]} Nxd5 {[%emt 0:00:00]} 11. Nd2 {
[%emt 0:00:00]} O-O {[%emt 0:00:00]} 12. Nc4 {[%emt 0:00:00]} Qc7 {[%emt 0:00:
00]} 13. Bd2 {[%emt 0:00:00]} Rae8 {[%emt 0:00:00]} 14. b4 {[%emt 0:00:00]} f5
{[%emt 0:00:00]} 15. Rb1 {[%emt 0:00:00]} Bf6 {[%emt 0:00:00]} 16. Rb3 {
[%emt 0:00:00]} e4 {[%emt 0:00:00]} 17. dxe4 {[%emt 0:00:00]} fxe4 {[%emt 0:00:
00]} 18. Bxe4 {[%emt 0:00:00]} b5 {[%emt 0:00:00]} 19. Na5 {[%emt 0:00:00]} Bd4
{[%emt 0:00:00]} 20. Bxd5+ {[%emt 0:00:00]} cxd5 {[%emt 0:00:00]} 21. Qd1 {
[%emt 0:00:00]} Nf6 {[%emt 0:00:00]} 22. Bf4 {[%emt 0:00:00]} Be5 {[%emt 0:00:
00]} 23. Bg5 {[%emt 0:00:00]} Qd7 {[%emt 0:00:00]} 24. Bxf6 {[%emt 0:00:00]}
Bxf6 {[%emt 0:00:00]} 25. Rd3 {[%emt 0:00:00]} Qxh3 {[%emt 0:00:00]} 26. Rxd5 {
[%emt 0:00:00]} Be5 {[%emt 0:00:00]} 27. Qd3 {[%emt 0:00:00]} Bc7 {[%emt 0:00:
00]} 28. Nb3 {[%emt 0:00:00]} Rxf2 {[%emt 0:00:00]} 29. Rxf2 {[%emt 0:00:00]}
Re1+ {[%emt 0:00:00]} 30. Rf1 {[%emt 0:00:00]} Rxf1+ {[%emt 0:00:00]} 31. Qxf1
{[%emt 0:00:00]} Qxg3+ {[%emt 0:00:00]} 32. Qg2 {[%emt 0:00:00]} Qe1+ {[%emt 0:
00:00]} 33. Qf1 {[%emt 0:00:00]} Qg3+ {[%emt 0:00:00]} 1/2-1/2